[Event "Northumbria Masters"]
[Site "Newcastle upon Tyne, ENG"]
[Date "2019.08.27"]
[Round "9.23"]
[White "Forster, Matthew"]
[Black "Brett, Andrew R"]
[Result "1/2-1/2"]
[WhiteElo "1833"]
[BlackElo "2118"]
[PlyCount "68"]
[EventDate "2019.08.23"]
[EventRounds "9"]
[EventCountry "ENG"]
[SourceTitle "BritBase"]
[Source "John Saunders"]
[SourceDate "2021.08.31"]
[SourceVersion "1"]
[SourceVersionDate "2021.08.31"]
[SourceQuality "1"]

1. c4 g6 2. g3 c5 3. Bg2 Bg7 4. Nc3 Nc6 5. a3 b6 6. e4 Bb7 7. Nge2 h5 8. h3 Nd4
9. d3 a6 10. O-O e6 11. Rb1 Ne7 12. b4 Rb8 13. Bg5 d6 14. Qd2 e5 15. Be3 Nec6
16. f4 Nxe2+ 17. Nxe2 Nd4 18. Rf2 h4 19. g4 Nxe2+ 20. Qxe2 exf4 21. Rxf4 Be5
22. Rf3 f6 23. Rd1 O-O 24. d4 cxd4 25. Bxd4 Qc7 26. Rc3 b5 27. Qc2 Rbc8 28. c5
dxc5 29. bxc5 Bc6 30. Rcd3 Rfe8 31. Qf2 g5 32. Qf5 Qh7 33. Bxe5 Qxf5 34. exf5
Rxe5 1/2-1/2

[Event "Northumbria Masters"]
[Site "Newcastle upon Tyne, ENG"]
[Date "2019.08.27"]
[Round "9.24"]
[White "Izod, Chris"]
[Black "Brown, Martin"]
[Result "1/2-1/2"]
[WhiteElo "1943"]
[BlackElo "2265"]
[PlyCount "46"]
[EventDate "2019.08.23"]
[EventRounds "9"]
[EventCountry "ENG"]
[SourceTitle "BritBase"]
[Source "John Saunders"]
[SourceDate "2021.08.31"]
[SourceVersion "1"]
[SourceVersionDate "2021.08.31"]
[SourceQuality "1"]

1. d4 Nf6 2. c4 g6 3. Nc3 d5 4. Nf3 Bg7 5. Bg5 Ne4 6. cxd5 Nxg5 7. Nxg5 e6 8.
Nf3 exd5 9. e3 a5 10. Bd3 O-O 11. O-O Re8 12. Qc2 c6 13. Na4 Nd7 14. a3 Bf8 15.
Rab1 Ra7 16. Rfe1 Qf6 17. Nc3 Qg7 18. e4 dxe4 19. Nxe4 h6 20. d5 c5 21. Bb5 Rd8
22. Rbd1 b6 23. Nc3 Bd6 1/2-1/2